<?xml version="1.0" encoding="UTF-8"?>
<record
    xmlns:xsi="http://www.w3.org/2001/XMLSchema-instance"
    xsi:schemaLocation="http://www.loc.gov/MARC21/slim http://www.loc.gov/standards/marcxml/schema/MARC21slim.xsd"
    xmlns="http://www.loc.gov/MARC21/slim">

  <leader>00825nam a22001937a 4500</leader>
  <controlfield tag="005">20240104150306.0</controlfield>
  <datafield tag="010" ind1=" " ind2=" ">
    <subfield code="a">HIN-126650</subfield>
  </datafield>
  <datafield tag="020" ind1=" " ind2=" ">
    <subfield code="a">9789386365422</subfield>
    <subfield code="c">695.00</subfield>
  </datafield>
  <datafield tag="035" ind1=" " ind2=" ">
    <subfield code="a">HN-98995</subfield>
  </datafield>
  <datafield tag="037" ind1=" " ind2=" ">
    <subfield code="b">DBAD/PUB</subfield>
  </datafield>
  <datafield tag="082" ind1=" " ind2=" ">
    <subfield code="a">358.400954</subfield>
  </datafield>
  <datafield tag="100" ind1=" " ind2=" ">
    <subfield code="a">&#x90F;&#x938;.&#x90F;&#x928; &#x938;&#x93F;&#x902;&#x939;</subfield>
    <subfield code="9">60649</subfield>
  </datafield>
  <datafield tag="245" ind1=" " ind2=" ">
    <subfield code="a">&#x906;&#x927;&#x942;&#x928;&#x93F;&#x915; &#x92D;&#x93E;&#x930;&#x924; &#x915;&#x947; &#x928;&#x93F;&#x930;&#x94D;&#x92E;&#x93E;&#x924;&#x93E; &#x92A;. &#x91C;&#x935;&#x93E;&#x939;&#x930;&#x932;&#x93E;&#x932; &#x928;&#x947;&#x939;&#x930;&#x941;/</subfield>
    <subfield code="c">&#x90F;&#x938; &#x915;&#x941;&#x92E;&#x93E;&#x930;</subfield>
  </datafield>
  <datafield tag="250" ind1=" " ind2=" ">
    <subfield code="a">1</subfield>
  </datafield>
  <datafield tag="260" ind1=" " ind2=" ">
    <subfield code="a">&#x928;&#x908; &#x926;&#x93F;&#x932;&#x94D;&#x932;&#x940;</subfield>
    <subfield code="b">&#x936;&#x94D;&#x930;&#x940; &#x938;&#x93E;&#x908;&#x902; &#x92A;&#x94D;&#x930;&#x93F;&#x902;&#x91F;&#x94B;&#x917;&#x94D;&#x930;&#x93E;&#x92B;&#x930;&#x94D;&#x938;</subfield>
    <subfield code="c">2020, 2022 </subfield>
  </datafield>
  <datafield tag="270" ind1=" " ind2=" ">
    <subfield code="a">102, 4787/23, &#x905;&#x902;&#x938;&#x93E;&#x930;&#x940; &#x930;&#x94B;&#x921;, &#x926;&#x930;&#x93F;&#x92F;&#x93E;&#x917;&#x902;&#x91C;</subfield>
    <subfield code="b">&#x928;&#x908; &#x926;&#x93F;&#x932;&#x94D;&#x932;&#x940;</subfield>
    <subfield code="e">110002</subfield>
  </datafield>
  <datafield tag="300" ind1=" " ind2=" ">
    <subfield code="a">171 &#x92A;&#x943;&#x937;&#x94D;&#x920;;</subfield>
    <subfield code="c">23 cm (&#x938;&#x91C;&#x93F;&#x932;&#x94D;&#x926;) </subfield>
  </datafield>
  <datafield tag="942" ind1=" " ind2=" ">
    <subfield code="c">HN</subfield>
    <subfield code="h">920</subfield>
    <subfield code="2">ddc</subfield>
    <subfield code="m">&#x90F;&#x938;&#x90F;&#x928;</subfield>
  </datafield>
  <datafield tag="999" ind1=" " ind2=" ">
    <subfield code="c">199961</subfield>
    <subfield code="d">199961</subfield>
  </datafield>
  <datafield tag="952" ind1=" " ind2=" ">
    <subfield code="0">0</subfield>
    <subfield code="1">0</subfield>
    <subfield code="4">0</subfield>
    <subfield code="7">0</subfield>
    <subfield code="8">NFIC</subfield>
    <subfield code="a">ZLS</subfield>
    <subfield code="b">ZLS</subfield>
    <subfield code="d">2024-01-04</subfield>
    <subfield code="e">DBAD/PUB</subfield>
    <subfield code="g">495.00</subfield>
    <subfield code="l">0</subfield>
    <subfield code="o">920 &#x90F;&#x938;&#x90F;&#x928;</subfield>
    <subfield code="p">HN-98995</subfield>
    <subfield code="r">2024-01-04 00:00:00</subfield>
    <subfield code="t">1</subfield>
    <subfield code="v">495.00</subfield>
    <subfield code="w">2024-01-04</subfield>
    <subfield code="y">HN</subfield>
  </datafield>
</record>
